Retrouve le dessin animé grâce à sa description - Statistiques

Statistiques générales
  • Ce quiz a été pris 547 fois
  • Le résultat moyen est 10 sur 15
Statistiques - réponses
Description Dessin animé % Correct
Une bande de 4 jeunes accompagné d'un chien Scooby Doo
93%
Un chat vs une souris Tom et Jerry
88%
Rongeur qui raconte des histoires pour enfants Père castor
84%
Filles espionnes Totally Spies
83%
Chauffeur de taxi au pays des jouets Oui Oui
81%
Des aliens qui ont débarqué sur Terre et veulent retrouver leur planète Les Zinzins de l'espace
77%
Deux rongeurs dans un bateau les Ratz
76%
Sait compter 2 par 2 et lacer ses chaussures Franklin
71%
Petite fille des montagnes Heidi
71%
Petits êtres bleus qui vivent dans des champignons Les Schtroumpfs
61%
Un chien rouge géant Clifford
58%
Dog-sitter d'un chien qui parle Corneil et Bernie
58%
Enfant orphelin qui parle aux animaux Marcelino
55%
Petit ourson frère de Frisquette Bouba
25%
Parodie de Koh-Lanta Défis extrêmes
10%
Aucun quiz correspondant
Distribution des résultats
% des personnes avec chaque résultat
Percentile par nombre de réponses
Votre historique - résultats
Vous n’avez pas pris ce quiz